| 000 | 00441nam a2200193Ia 4500 | ||
|---|---|---|---|
| 005 | 20250326145521.0 | ||
| 008 | 250326s9999 xx 000 0 und d | ||
| 037 | _aTextbook | ||
| 040 |
_aFMSL _bger _cFMSL |
||
| 041 |
_ager _2ger |
||
| 084 | _qFMSL | ||
| 100 |
_aLEWIS _9751311 |
||
| 245 | 0 |
_aOperations strategy _cLEWIS |
|
| 260 | _c2015 | ||
| 365 | _b7400 | ||
| 650 | _aManagement | ||
| 942 | _cTB | ||
| 999 |
_c1307846 _d1307846 |
||